| 000 | 01298nam a2200325Ia 4500 | ||
|---|---|---|---|
| 001 | ebr10178006 | ||
| 003 | CaPaEBR | ||
| 006 | m u | ||
| 007 | cr cn||||||||| | ||
| 008 | 060210s2007 enk sb 001 0 eng d | ||
| 020 | _z9781845112691 (hbk.) : | ||
| 020 | _z9781845112707 (pbk.) : | ||
| 040 |
_aCaPaEBR _cCaPaEBR |
||
| 035 | _a(OCoLC)213305748 | ||
| 050 | 1 | 4 |
_aDS63.1 _b.J66 2007eb |
| 082 | 0 | 4 |
_a320.956 _222 |
| 100 | 1 |
_aJones, Jeremy, _d1954- |
|
| 245 | 1 | 0 |
_aNegotiating change _h[electronic resource] : _bthe new politics of the Middle East / _cJeremy Jones. |
| 260 |
_aLondon : _bI. B. Tauris, _c2007. |
||
| 300 | _a282 p. | ||
| 490 | 1 |
_aLibrary of modern Middle East studies ; _v58 |
|
| 504 | _aIncludes bibliographical references and index. | ||
| 533 |
_aElectronic reproduction. _bPalo Alto, Calif. : _cebrary, _d2009. _nAvailable via World Wide Web. _nAccess may be limited to ebrary affiliated libraries. |
||
| 650 | 0 |
_aDemocracy _zMiddle East. |
|
| 651 | 0 |
_aMiddle East _xPolitics and government _y1979- |
|
| 655 | 7 |
_aElectronic books. _2local |
|
| 710 | 2 | _aebrary, Inc. | |
| 830 | 0 |
_aLibrary of modern Middle East studies ; _v58. |
|
| 856 | 4 | 0 |
_uhttp://site.ebrary.com/lib/rucke/Doc?id=10178006 _zAn electronic book accessible through the World Wide Web; click to view |
| 999 |
_c236629 _d236629 |
||